1572 1430 1537 1328 1733 1188 1419 1264 1681 1222 1670 1749 1435 1823 1705 1273 1326 1261 1406 1265 1150 1062 1130 1991 1561 1218 1117 1765 1290 1735 1884 1271 1713 1072 1121 1257 1792 1841 1647 1732 1043 1438 1918 1713 1791 1203 1457 1884 1007 1287 1295 1400 1865 1007 1071 1720 1690 1275 1361 1817 1436 1826 1495 1062 1667 1630 1895 1048 1271 1271 1796 1458 1148 1093 1722 1662 1931 1050 1198 1927 1462 1828 1587 1116 1932 1200 1379 1212 1391 1037 1216 1270 1187 1572 1434 1251 1055 1253 1955 BCNSPRNW ULIB Ver.6.0+V

เปลี่ยนเป็นภาษาไทย

Change to English
 แสดงรายละเอียดบรรณานุกรม
  กลับหน้าหลัก

Brief Record : Get Marc (ISO 2709) : E-mail record : QR code < ปิดหน้าต่าง
LEADER : 00000nam 2200000uu 4500
001    13399124955
003     ULIB
008    160526s||||||||th 000 0 tha d
020    ^a9786162232534 (ล.1)
060  4 ^aWS100^bต367ก ล.1
110 1  ^aมหาวิทยาลัยขอนแก่น.^bคณะแพทยศาสตร์.^bภาควิชากุมารเวชศาสตร์
245 00 ^aตำรากุมารเวชศาสตร์ ^nเล่ม 1=^bPediatrics /^cสุวรรณี วิษณุโยธิน ...[และคนอื่น ๆ] ^eบรรณาธิการ
246 31 ^aPediatrics
250    ^aพิมพ์ครั้งที่ 1
260    ^aขอนแก่น :^bภาควิชากุมารเวชศาสตร์ คณะแพทยศาสตร์มหาวิทยาลัยขอนแก่น,^c2556
300    ^a2 เล่ม :^bภาพประกอบ
650  7 ^aกุมารเวชศาสตร์
650  7 ^aโรค^xในวัยทารกและเด็ก
694    ^aHealth sciences branch
700 0  ^aสุวรรณี วิษณุโยธิน,^eบรรณาธิการ
945    ^p520^l0^i23611
945    ^p520^l0^i23612
945    ^p520^l0^i23613
945    ^p520^l0^i23614
945    ^p520^l0^i23615
999    ^aทศพร เกษรทอง
รายการนี้ยังไม่มีแท็ก
คุณยังไม่ได้ล็อกอิน คุณสามารถมีกิจกรรมร่วมกับเว็บไซต์ได้ แต่ต้องล็อกอินก่อน ::
  ล็อกอิน

รายการสื่อสารสนเทศ

ลำดับที่ ประเภท เลขเรียก/บาร์โค้ด สถานที่ สถานะ
1. วิทยาศาสตร์การแพทย์ และสุขภาพ
หนังสือสำรอง
สถานะ=หนังสือสำรอง
WS100 ต367ก ล.1 ฉ.1 
  Barcode: 23611
ห้องสมุดวิทยาเขตนครสวรรค์
►หนังสือทั่วไป:l:General Books
บนชั้น
2. วิทยาศาสตร์การแพทย์ และสุขภาพ
วิทยาศาสตร์การแพทย์ และสุขภาพ
WS100 ต367ก ล.1 ฉ.2 
  Barcode: 23612
ห้องสมุดวิทยาเขตนครสวรรค์
►หนังสือทั่วไป:l:General Books
บนชั้น
3. วิทยาศาสตร์การแพทย์ และสุขภาพ
วิทยาศาสตร์การแพทย์ และสุขภาพ
WS100 ต367ก ล.1 ฉ.3 
  Barcode: 23613
ห้องสมุดวิทยาเขตนครสวรรค์
►หนังสือทั่วไป:l:General Books
บนชั้น
4. วิทยาศาสตร์การแพทย์ และสุขภาพ
วิทยาศาสตร์การแพทย์ และสุขภาพ
WS100 ต367ก ล.1 ฉ.4 
  Barcode: 23614
ห้องสมุดวิทยาเขตนครสวรรค์
►หนังสือทั่วไป:l:General Books
บนชั้น
5. วิทยาศาสตร์การแพทย์ และสุขภาพ
วิทยาศาสตร์การแพทย์ และสุขภาพ
WS100 ต367ก ล.1 ฉ.5 
  Barcode: 23615
ห้องสมุดวิทยาเขตนครสวรรค์
►หนังสือทั่วไป:l:General Books
บนชั้น

รายการใกล้เคียง
    หัวเรื่อง [กุมารเวชศาสตร์]

BibComment


ยังไม่เคยถูกคอมเมนท์

คอมเมนท์ทรัพยากรรายการนี้
  คอมเมนท์: ตำรากุมารเวชศาสต..


 Copyright 2026. Bcnsprnw @Library